000 00398nam a2200145Ia 4500
008 210716s2009 xx 000 0 und d
020 _a9788131512159
041 _aeng
082 _a332.6 MAYH
100 _aMayo, Herbert B.
245 _aIntroduction to investments.
260 _aNew Delhi
_bCengage Learning India Pvt Ltd
_c2009
300 _a775
650 _aInvestment-Capital Market(332.6)
999 _c204448
_d204448